000 00579nam a2200229Ia 4500
003 OSt
005 20220928111743.0
006 a|||||r|||| 00| 0
007 ta
008 220927b |||||||| |||| 00| 0 eng d
024 _a51434
037 _cTextual
040 _aSDCL
_cSDCL
_beng
041 _2eng
_aeng
082 _aR4x, K9;1
100 _aHudson W.D. Ed.
_9409537
245 0 _aIs - Ought Question .
260 _aLondon
_bMacmillan
_c1969
300 _a971p.
_ccm.
942 _hR4x, K9;1
_cTEXL
_2CC
999 _c741816
_d741816